| 000 | 00884nam a2200325Ia 4500 | ||
|---|---|---|---|
| 001 | 39968 | ||
| 003 | IT-RoPAU | ||
| 008 | 130308s9999 xx 000 0 und d | ||
| 040 | _aIT-RoPAU | ||
| 040 | _cIT-RoPAU | ||
| 041 | _aITALIANO | ||
| 100 | _aGruber Frank | ||
| 100 | _gCodice Aut. SPICS: 18260 | ||
| 240 | _aDEATH ON EAGLES' CRAG | ||
| 240 | _gCodice Tit. Orig. Spics: T0142 | ||
| 245 | _aMorte al picco dell'aquila | ||
| 245 | _bScuola dei duri (La) | ||
| 250 | _a1a ed. | ||
| 260 | _aVERONA | ||
| 260 | _bMondadori | ||
| 260 | _c1969 [1° Ed.:1969 - Ed.Ling.Originale:1937] | ||
| 300 | _a"25 p. (prefazione: no ; testo: 25 [pagine: 497-521])" | ||
| 500 | _aTesto del Fumetto Traduzione di Moma Carones | ||
| 650 | _aSTORIA NAZIONALE DEL FUMETTO | ||
| 650 | _eCodice materia Spics: 6709 | ||
| 942 | _cBK | ||
| 957 | _71 | ||
| 999 |
_c50513 _d50513 |
||
| 999 | _bSI | ||
| 999 | _g1 | ||